[Event "61st World Juniors 2024"]
[Site "Gandhinagar IND"]
[Date "2024.06.05"]
[Round "4.10"]
[White "Grebnev, Aleksey"]
[Black "Lopez Rayo, Santiago"]
[Result "1-0"]
[WhiteTitle "GM"]
[BlackTitle "FM"]
[WhiteElo "2540"]
[BlackElo "2277"]
[WhiteFideId "34189030"]
[BlackFideId "4455665"]
[EventDate "2024.06.02"]

1. d4 Nf6 2. c4 g6 3. Nc3 Bg7 4. e4 d6 5. Nf3 O-O 6. Bd3 c5 7. d5 e6 8. O-O exd5
9. cxd5 a6 10. a4 Nbd7 11. Bf4 Qc7 12. h3 Nh5 13. Bh2 Ne5 14. Nxe5 Bxe5 15. Bxe5
dxe5 16. a5 Bd7 17. Bc4 Rad8 18. Qd2 Be8 19. Rfc1 Kh8 20. Bf1 f5 21. Qe3 Nf6 22.
exf5 gxf5 23. d6 Qxd6 24. Rd1 Qe7 25. Rxd8 Qxd8 26. Qxc5 Nd7 27. Qb4 Qc8 28. Rd1
Rg8 29. Nd5 Rg7 30. Ne7 Qc2 31. Rxd7 Bxd7 32. Qd6 Qa4 33. b3 Qxb3 34. Qb8+ Rg8
35. Nxg8 Qxg8 36. Qxe5+ Qg7 37. Qb8+ Qg8 38. Qxb7 Bc8 39. Qc6 h5 40. Bxa6 Be6
41. Be2 Kh7 42. Bf3 Bf7 43. a6 Qg7 44. Qa4 Qe5 45. a7 1-0

[Event "61st World Juniors 2024"]
[Site "Gandhinagar IND"]
[Date "2024.06.05"]
[Round "4.11"]
[White "Aswath, S"]
[Black "Mishra, Abhimanyu"]
[Result "1-0"]
[WhiteTitle "IM"]
[BlackTitle "GM"]
[WhiteElo "2352"]
[BlackElo "2627"]
[WhiteFideId "46694919"]
[BlackFideId "30920019"]
[EventDate "2024.06.02"]

1. e4 c5 2. Nf3 d6 3. d4 cxd4 4. Nxd4 Nf6 5. Nc3 a6 6. h3 e5 7. Nb3 Be7 8. g4 h6
9. Be3 b5 10. Nd5 Bb7 11. Bb6 Qc8 12. Nc7+ Kf8 13. f3 Nbd7 14. Nxa8 Qxa8 15. Bf2
Bxe4 16. Be2 Bc6 17. Na5 g6 18. a4 Kg7 19. O-O Nc5 20. axb5 axb5 21. c4 b4 22.
Bxc5 dxc5 23. Nxc6 Qxc6 24. Qa4 Qc8 25. Qa6 Qf8 26. Qb7 Nh7 27. Ra7 Bh4 28. Rfa1
Ng5 29. Qc7 Nxh3+ 30. Kh2 Bd8 31. Qxe5+ Bf6 32. Qe3 Bd4 33. Qe7 Nf4 34. R1a6 h5
35. g5 h4 36. Bf1 Bxb2 37. Qc7 Nh5 38. Bd3 Kg8 1-0

[Event "61st World Juniors 2024"]
[Site "Gandhinagar IND"]
[Date "2024.06.05"]
[Round "4.12"]
[White "Manish Anto, Cristiano F"]
[Black "Pranav, Anand"]
[Result "0-1"]
[WhiteTitle "IM"]
[BlackTitle "GM"]
[WhiteElo "2307"]
[BlackElo "2540"]
[WhiteFideId "25095927"]
[BlackFideId "46626786"]
[EventDate "2024.06.02"]

1. e4 c5 2. Nf3 d6 3. d4 cxd4 4. Nxd4 Nf6 5. Nc3 a6 6. Bg5 Nbd7 7. Qe2 e6 8.
O-O-O Qc7 9. g4 h6 10. Bd2 b5 11. a3 Rb8 12. f4 b4 13. axb4 Rxb4 14. Nb3 Nc5 15.
Nxc5 dxc5 16. e5 Nd7 17. Bg2 Qb6 18. Nd5 Ra4 19. Nc3 Ra1+ 20. Nb1 Be7 21. Bc3
O-O 22. h4 Qb5 23. Bf1 Qxe2 24. Bxe2 Ra4 25. Rhf1 Bxh4 26. Nd2 Nb6 27. Nb3 Be7
28. Kb1 Nd5 29. Bd2 c4 30. Nd4 Bd7 31. c3 Rb8 32. Kc2 Bc5 33. Ra1 Bxd4 34. cxd4
Nb4+ 35. Kb1 Rxa1+ 36. Kxa1 Nc2+ 37. Kb1 Nxd4 38. Bxc4 Bb5 39. Rc1 Rc8 40. b3
Bxc4 41. Rxc4 Rxc4 42. bxc4 g6 43. Be3 Nc6 44. Kc2 h5 45. gxh5 gxh5 46. Kd3 Kf8
47. Ke4 Ke8 48. Kf3 a5 49. Kg3 Ne7 50. Bd2 Nf5+ 51. Kh3 a4 52. Bb4 Ne3 53. Kh4
Nxc4 54. Kxh5 a3 55. Kg5 a2 56. Bc3 Ne3 57. Bb2 Nc2 58. f5 a1=Q 59. Bxa1 Nxa1
60. Kf6 exf5 61. Kxf5 Ke7 0-1

[Event "61st World Juniors 2024"]
[Site "Gandhinagar IND"]
[Date "2024.06.05"]
[Round "4.13"]
[White "Makarian, Rudik"]
[Black "Shahil, Dey"]
[Result "1-0"]
[WhiteTitle "IM"]
[BlackTitle "IM"]
[WhiteElo "2524"]
[BlackElo "2332"]
[WhiteFideId "44105681"]
[BlackFideId "35062352"]
[EventDate "2024.06.02"]

1. d4 d5 2. c4 c6 3. Nf3 Nf6 4. Nc3 e6 5. g3 Be7 6. Bg2 O-O 7. O-O b6 8. Nd2 Ba6
9. b3 Nbd7 10. e4 Rc8 11. Re1 c5 12. exd5 cxd4 13. Nb5 Bxb5 14. dxe6 Bc6 15.
exd7 Qxd7 16. Bxc6 Rxc6 17. Nf3 Bb4 18. Ne5 Qh3 19. Nxc6 Bxe1 20. Qxe1 Ng4 21.
Nxd4 Qxh2+ 22. Kf1 h5 23. Nf3 Qh1+ 24. Ng1 h4 25. gxh4 Nh2+ 26. Ke2 Re8+ 27. Be3
f5 28. Qd2 f4 29. Qd5+ Qxd5 30. cxd5 fxe3 31. f3 Re5 32. Rd1 Kf8 33. Nh3 Ke8 34.
Rh1 Rxd5 35. Kxe3 Re5+ 36. Kf2 1-0

[Event "61st World Juniors 2024"]
[Site "Gandhinagar IND"]
[Date "2024.06.05"]
[Round "4.14"]
[White "Ohanyan, Emin"]
[Black "Bodrogi, Bendeguz"]
[Result "1-0"]
[WhiteTitle "GM"]
[BlackTitle "FM"]
[WhiteElo "2501"]
[BlackElo "2353"]
[WhiteFideId "13312022"]
[BlackFideId "790303"]
[EventDate "2024.06.02"]

1. d4 d5 2. c4 e6 3. Nc3 a6 4. cxd5 exd5 5. Qb3 c5 6. Nxd5 Nc6 7. Nf3 cxd4 8. e4
dxe3 9. Bc4 Na5 10. Qc3 Nxc4 11. Qxc4 Bd6 12. Bxe3 Be6 13. Qa4+ Qd7 14. Qxd7+
Bxd7 15. Nb6 Rd8 16. O-O-O Bc6 17. Nc4 Bc7 18. Rxd8+ Kxd8 19. Nfe5 Ke8 20. Nxc6
bxc6 21. Bc5 h5 22. Re1+ Kd7 23. h4 Rh6 24. Ne5+ Bxe5 25. Rxe5 Rg6 26. g3 Re6
27. Rxh5 Nf6 28. Rf5 Re1+ 29. Kd2 Ra1 30. Re5 Nd5 31. Re1 Rxa2 32. Ba3 c5 33.
Rc1 c4 34. Rxc4 Ra1 35. Ra4 Nb6 36. Rxa6 Nc4+ 37. Kc2 f5 38. Ra4 Nxa3+ 39. Rxa3
Rf1 40. Rf3 Ke6 41. b4 Ke5 42. b5 Ke4 43. Rf4+ 1-0

[Event "61st World Juniors 2024"]
[Site "Gandhinagar IND"]
[Date "2024.06.05"]
[Round "4.15"]
[White "Avila Pavas, Santiago"]
[Black "Adireddy, Arjun"]
[Result "0-1"]
[WhiteTitle "GM"]
[BlackTitle "FM"]
[WhiteElo "2495"]
[BlackElo "2306"]
[WhiteFideId "4437128"]
[BlackFideId "25647709"]
[EventDate "2024.06.02"]

1. e4 c5 2. Nf3 e6 3. d4 cxd4 4. Nxd4 Nc6 5. Nc3 Qc7 6. Be3 a6 7. Qf3 b5 8. Qg3
Qxg3 9. hxg3 Nxd4 10. Bxd4 Bb7 11. f3 Ne7 12. O-O-O Nc6 13. Bb6 Rc8 14. Be2 Ne5
15. Bd4 f6 16. f4 Nf7 17. Bf3 Bc5 18. Bh5 Bxd4 19. Bxf7+ Kxf7 20. Rxd4 Ke7 21.
a4 Bc6 22. axb5 axb5 23. Re1 h5 24. Nd5+ Bxd5 25. exd5 Rc5 26. c3 Rh6 27. Re3 f5
28. Kc2 Rg6 29. Kb3 Rg4 30. Kb4 Rc8 31. dxe6 dxe6 32. Rd5 Kf6 33. Rd6 Re8 34.
Kxb5 h4 35. gxh4 Rxg2 36. b4 Rg4 37. Kc5 Rxf4 38. b5 Rf1 39. b6 Rb1 40. Rf3 Ke5
41. Re3+ Kf6 42. Kc6 f4 43. Red3 Kf5 44. Kd7 Rf8 45. c4 e5 46. c5 e4 47. R3d5+
Kg4 48. Ke7 Rf6 49. Rd1 Rb3 50. R6d5 e3 51. Rg5+ Kf3 52. Rf1+ Ke2 53. Rh1 f3 54.
Rxg7 Rc6 55. Rg5 f2 56. Kd7 Rf6 57. c6 Rxb6 58. c7 Rf7+ 0-1

[Event "61st World Juniors 2024"]
[Site "Gandhinagar IND"]
[Date "2024.06.05"]
[Round "4.16"]
[White "Srihari, L R"]
[Black "Harshad, S"]
[Result "1/2-1/2"]
[WhiteTitle "IM"]
[BlackTitle "FM"]
[WhiteElo "2495"]
[BlackElo "2272"]
[WhiteFideId "46617116"]
[BlackFideId "46616551"]
[EventDate "2024.06.02"]

1. Nf3 d5 2. c4 e6 3. g3 Nf6 4. Bg2 Be7 5. O-O O-O 6. b3 c5 7. cxd5 Nxd5 8. d4
Nc6 9. Bb2 cxd4 10. Nxd4 Nxd4 11. Bxd4 b6 12. a3 Bf6 13. Ra2 Bxd4 14. Qxd4 Bb7
15. Rc2 Rc8 16. Rfc1 Rxc2 17. Rxc2 Qb8 18. e4 e5 19. Qd3 Nf6 20. Rd2 Qc7 21. Nc3
Ba6 22. Qe3 Rd8 23. Rxd8+ Qxd8 24. Nd5 Qd6 25. b4 Kf8 26. Qf3 1/2-1/2

[Event "61st World Juniors 2024"]
[Site "Gandhinagar IND"]
[Date "2024.06.05"]
[Round "4.17"]
[White "Mnyasta, Charlton"]
[Black "Koelle, Tobias"]
[Result "0-1"]
[BlackTitle "IM"]
[WhiteElo "2174"]
[BlackElo "2470"]
[WhiteFideId "14343371"]
[BlackFideId "16207378"]
[EventDate "2024.06.02"]

1. e4 c5 2. Nf3 Nc6 3. Bb5 e6 4. O-O Nge7 5. d4 cxd4 6. Nxd4 Ng6 7. Be3 Be7 8.
Nb3 O-O 9. N1d2 b6 10. c3 Bb7 11. f4 Kh8 12. Qh5 f5 13. Bd3 Nh4 14. Bf2 g6 15.
Qh6 Rf7 16. g3 fxe4 17. Bxe4 Nf5 18. Qh3 Qg8 19. Nf3 Bf6 20. g4 Nd6 21. Bd3 e5
22. Nbd2 exf4 23. g5 Be7 24. b4 b5 25. a4 a6 26. c4 Rg7 27. cxb5 axb5 28. axb5
Rxa1 29. Rxa1 Nxb4 30. Bb1 Nxb5 31. Ra5 Bc6 32. Qh6 Qe6 33. Be4 Bxe4 34. Rxb5
Qg4+ 35. Bg3 fxg3 36. Nxe4 Qxe4 37. Ne5 Qe1+ 38. Kg2 Qf2+ 39. Kh3 Qxh2+ 40. Kg4
Qe2+ 41. Kh3 Qxb5 0-1

[Event "61st World Juniors 2024"]
[Site "Gandhinagar IND"]
[Date "2024.06.05"]
[Round "4.18"]
[White "Samant, Aditya S"]
[Black "Smirnov, Mark"]
[Result "1-0"]
[WhiteTitle "GM"]
[BlackTitle "CM"]
[WhiteElo "2469"]
[BlackElo "2203"]
[WhiteFideId "35080580"]
[BlackFideId "13764594"]
[EventDate "2024.06.02"]

1. e4 e5 2. Nf3 Nf6 3. d4 Nxe4 4. Bd3 d5 5. Nxe5 Bd6 6. O-O O-O 7. Nd2 Nxd2 8.
Bxd2 Nc6 9. Nxc6 bxc6 10. Qh5 f5 11. c4 Qf6 12. c5 Qxd4 13. cxd6 Qxd3 14. Bc3 f4
15. dxc7 Qf5 16. Qxf5 Bxf5 17. Be5 g5 18. Rac1 Bd7 19. Rfe1 Kf7 20. f3 Rfe8 21.
Kf2 Kg6 22. g3 Kf5 23. g4+ Kg6 24. h4 h6 25. Bd6 Kf6 26. hxg5+ hxg5 27. Rh1 Kg6
28. Rce1 a6 29. Be7 Rh8 30. Bd8 Rxh1 31. Rxh1 Ra7 32. Rc1 Ra8 33. Re1 Ra7 34.
Re7 Bc8 35. Re5 Rb7 36. Rxg5+ Kf7 37. b3 Rb4 38. Rf5+ Ke8 39. Re5+ Kf7 40. Re7+
Kf8 41. Rh7 Ke8 42. Rh8+ Kd7 43. g5 1-0

[Event "61st World Juniors 2024"]
[Site "Gandhinagar IND"]
[Date "2024.06.05"]
[Round "4.20"]
[White "Alekhya, Mukhopadhyay"]
[Black "Srihari, L"]
[Result "0-1"]
[BlackTitle "IM"]
[WhiteElo "2130"]
[BlackElo "2400"]
[WhiteFideId "25600826"]
[BlackFideId "46642056"]
[EventDate "2024.06.02"]

1. e4 c5 2. Nf3 d6 3. d4 cxd4 4. Nxd4 Nf6 5. Nc3 g6 6. Bg5 Bg7 7. Bb5+ Nbd7 8.
Qe2 a6 9. Bc4 b5 10. Bd5 Nxd5 11. Nxd5 Bxd4 12. Bxe7 Qa5+ 13. c3 Be5 14. f4 Bb7
15. Bh4 Bg7 16. Be7 Bf8 17. Bh4 f6 18. Nxf6+ Nxf6 19. Bxf6 Rg8 20. Qg4 Bc8 21.
f5 Bg7 22. Qg5 Bxf6 23. Qxf6 Qd8 24. Qd4 gxf5 25. O-O-O Bb7 26. exf5 Qg5+ 27.
Rd2 O-O-O 28. f6 Qe5 29. Qh4 Qe4 30. Qh3+ Kb8 31. Rg1 Bc8 32. Qd3 Qxd3 33. Rxd3
Kc7 34. g3 Rg6 35. Rf1 Rf8 36. Rdf3 Kd7 37. Kd2 Ke6 38. Re1+ Kf7 39. Ref1 Re8
40. Rf4 Re6 41. Rh4 h6 0-1

[Event "61st World Juniors 2024"]
[Site "Gandhinagar IND"]
[Date "2024.06.05"]
[Round "4.21"]
[White "Wafa, Hamed"]
[Black "Kalyani Sirin"]
[Result "0-1"]
[WhiteTitle "IM"]
[BlackTitle "WFM"]
[WhiteElo "2396"]
[BlackElo "2163"]
[WhiteFideId "10628452"]
[BlackFideId "33323500"]
[EventDate "2024.06.02"]

1. e4 c5 2. Nf3 d6 3. d4 cxd4 4. Nxd4 Nf6 5. Nc3 Nc6 6. Bg5 e6 7. Qd2 a6 8.
O-O-O Bd7 9. Kb1 Be7 10. g4 b5 11. Bg2 Rc8 12. Nxc6 Bxc6 13. a3 a5 14. Rhe1 b4
15. axb4 axb4 16. Na2 Qa5 17. Nxb4 Ra8 18. c4 O-O 19. Nxc6 Qa1+ 20. Kc2 Qa4+ 21.
b3 Qxc6 22. Ra1 Rab8 23. h3 Rfd8 24. Qd3 Qc7 25. Bd2 d5 26. exd5 Nxd5 27. Bxd5
Rxd5 28. Qf3 Rc5 29. Bc3 Qb6 30. Reb1 Rcc8 31. Be5 Bd6 32. Bxd6 Qxd6 33. Ra7 f6
34. Qe3 Rc5 35. Qd3 Qb6 36. Rd7 Ra5 37. Qd4 Ra2+ 38. Kd1 Qc6 39. Rd8+ Rxd8 40.
Qxd8+ Kf7 41. Qd2 Qf3+ 42. Kc1 Rxd2 43. Kxd2 Qxf2+ 44. Kc3 e5 45. b4 Qd4+ 46.
Kb3 Qd3+ 0-1

[Event "61st World Juniors 2024"]
[Site "Gandhinagar IND"]
[Date "2024.06.05"]
[Round "4.22"]
[White "Ozenir, Ekin Baris"]
[Black "Sushanth, Kamabathula"]
[Result "1/2-1/2"]
[WhiteTitle "IM"]
[WhiteElo "2390"]
[BlackElo "2131"]
[WhiteFideId "6357415"]
[BlackFideId "25712667"]
[EventDate "2024.06.02"]

1. c4 Nf6 2. Nf3 g6 3. Nc3 Bg7 4. e4 d6 5. d4 O-O 6. Be2 e5 7. d5 a5 8. h3 Na6
9. Bg5 Qe8 10. Nd2 Nd7 11. a3 f5 12. b4 h6 13. Bh4 g5 14. Bg3 f4 15. Bh2 Nf6 16.
f3 Rf7 17. Bg1 Bf8 18. Bf2 Rg7 19. Nb3 axb4 20. axb4 Bd7 21. Nb5 Qb8 22. Qd2 c6
23. dxc6 bxc6 24. Nxd6 Be6 25. c5 Bxd6 26. cxd6 Bxb3 27. Rxa6 Rxa6 28. Bxa6 Qa8
29. Qd3 Be6 30. O-O h5 31. Qc3 Nd7 32. Bc4 Qe8 33. Rc1 g4 34. hxg4 hxg4 35. fxg4
Kf8 36. Be2 Qg6 37. Qxc6 Rh7 38. Qc8+ Kg7 39. Qd8 Qh6 40. Qe7+ Bf7 41. Qh4 Qg6
42. Qe7 Qh6 43. Qh4 1/2-1/2

[Event "61st World Juniors 2024"]
[Site "Gandhinagar IND"]
[Date "2024.06.05"]
[Round "4.23"]
[White "Jares, Michal"]
[Black "Gubatayev, Ahmet"]
[Result "0-1"]
[WhiteTitle "FM"]
[WhiteElo "2382"]
[BlackElo "2055"]
[WhiteFideId "386839"]
[BlackFideId "14004526"]
[EventDate "2024.06.02"]

1. Nf3 d5 2. g3 Nf6 3. Bg2 e6 4. O-O Be7 5. d4 b5 6. b3 O-O 7. c4 bxc4 8. bxc4
Nbd7 9. Bf4 c6 10. Nbd2 Nh5 11. Ne5 Nxe5 12. Bxe5 f6 13. Bf4 Nxf4 14. gxf4 Rb8
15. e3 Qc7 16. Qc2 Bd6 17. cxd5 cxd5 18. Qxc7 Bxc7 19. Rfc1 Bd6 20. Nb3 g6 21.
Nc5 Kf7 22. Rab1 Ke7 23. Rxb8 Bxb8 24. a4 Rd8 25. Bf1 Bd6 26. Bb5 g5 27. fxg5
Rg8 28. Kf1 fxg5 29. Kg2 h5 30. Nb3 h4 31. h3 g4 32. hxg4 Rxg4+ 33. Kh3 Rg8 34.
Kxh4 e5 35. Na5 Kf7 36. Nc6 exd4 37. exd4 Rh8+ 38. Kg5 Rg8+ 39. Kh4 Bf4 40. Ne5+
Kf6 41. Rxc8 Rxc8 42. Nd3 Bd6 43. Kg4 Rc3 44. f4 Ra3 45. Kf3 Bc7 46. Ke3 Bb6 47.
Bd7 a6 48. f5 Rc3 49. Kd2 Rc4 50. Nf4 Rxd4+ 51. Nd3 Ke7 52. Be6 Kd6 53. Kc3 Rxa4
54. Kb3 Rh4 55. Nb4 Rh3+ 56. Kc2 d4 57. Nd3 a5 58. Nb2 Rh2+ 59. Kb3 Bd8 60. Bc4
Rh3+ 61. Bd3 Kd5 62. Kc2 Bg5 63. Nc4 a4 64. Nb6+ Kc5 65. Nxa4+ Kb4 66. Nb6 Rh2+
67. Kb1 Kc3 68. Be4 Rb2+ 69. Ka1 Rxb6 0-1

[Event "61st World Juniors 2024"]
[Site "Gandhinagar IND"]
[Date "2024.06.05"]
[Round "4.24"]
[White "Apoorv Kamble"]
[Black "Nandish V S"]
[Result "0-1"]
[WhiteTitle "FM"]
[WhiteElo "2369"]
[BlackElo "1981"]
[WhiteFideId "25683012"]
[BlackFideId "45084297"]
[EventDate "2024.06.02"]

1. e4 c5 2. Nf3 g6 3. d4 cxd4 4. Nxd4 Nf6 5. Nc3 Nc6 6. Be3 Bg7 7. f3 O-O 8. Bc4
Qb6 9. Bb3 Nxe4 10. Nd5 Qa5+ 11. c3 Nc5 12. Nxc6 dxc6 13. Nxe7+ Kh8 14. Nxc8
Raxc8 15. O-O Rcd8 16. Qc2 Rfe8 17. Rfe1 Nd3 18. Bf2 Nxe1 19. Rxe1 Rxe1+ 20.
Bxe1 Qe5 21. Bf2 Qf4 22. Qe2 Qc1+ 23. Be1 Kg8 24. Qe7 Rf8 25. Qe2 Bf6 26. g3 Kg7
27. Kg2 Rd8 28. f4 Rd7 29. Bf2 Re7 30. Qc4 Qxb2 31. g4 Bh4 32. Qd4+ f6 33. g5
Qxf2+ 0-1

[Event "61st World Juniors 2024"]
[Site "Gandhinagar IND"]
[Date "2024.06.05"]
[Round "4.25"]
[White "De Silva, L M S T"]
[Black "Gaikwad Manas"]
[Result "1-0"]
[WhiteTitle "IM"]
[WhiteElo "2364"]
[BlackElo "1957"]
[WhiteFideId "9953698"]
[BlackFideId "25912410"]
[EventDate "2024.06.02"]

1. e4 c5 2. Nf3 d6 3. d4 cxd4 4. Nxd4 Nf6 5. Nc3 a6 6. Be2 e5 7. Nb3 Be7 8. O-O
Be6 9. Qd3 O-O 10. Bd2 Nbd7 11. Nd5 Bxd5 12. exd5 Rc8 13. c4 Re8 14. Na5 Qc7 15.
b4 e4 16. Qg3 Ne5 17. Rac1 Qb8 18. Nb3 b5 19. cxb5 axb5 20. Nd4 Nxd5 21. Bxb5
Rxc1 22. Rxc1 Rc8 23. Rxc8+ Qxc8 24. Qb3 Nb6 25. Qc2 Nbc4 26. Nc6 Nxc6 27. Qxc4
Na7 28. Qxc8+ Nxc8 29. a4 Bd8 30. a5 d5 31. Bc6 Ne7 32. Bb7 f5 33. Be3 Kf7 34.
a6 f4 35. Bc5 d4 36. a7 e3 37. a8=Q e2 38. Qa2+ Kg6 39. Qxe2 Nf5 40. Qe6+ Bf6
41. Be4 1-0

[Event "61st World Juniors 2024"]
[Site "Gandhinagar IND"]
[Date "2024.06.05"]
[Round "4.26"]
[White "Nainys, Zanas"]
[Black "Panda, Sambit"]
[Result "0-1"]
[BlackTitle "IM"]
[WhiteElo "2153"]
[BlackElo "2363"]
[WhiteFideId "12844098"]
[BlackFideId "25091794"]
[EventDate "2024.06.02"]

1. d4 Nf6 2. c4 e6 3. Nf3 d5 4. Nc3 dxc4 5. Bg5 a6 6. e4 b5 7. a4 b4 8. Na2 Bb7
9. e5 h6 10. Bd2 Nd5 11. Bxc4 a5 12. Nc1 Be7 13. Nb3 Nd7 14. O-O O-O 15. Qe2
N5b6 16. Rfc1 Nxc4 17. Qxc4 Bd5 18. Qc2 Ra7 19. Be3 Qa8 20. Nbd2 Rc8 21. b3 c5
22. Qd3 Rac7 23. Rc2 cxd4 24. Rxc7 Rxc7 25. Bxd4 Qc6 26. Kf1 Nc5 27. Bxc5 Qxc5
28. Rb1 Qc3 29. Ke2 Rd7 30. Qb5 Bxf3+ 31. Nxf3 Qc2+ 32. Ke3 Bc5+ 33. Kf4 g5+ 0-1

[Event "61st World Juniors 2024"]
[Site "Gandhinagar IND"]
[Date "2024.06.05"]
[Round "4.27"]
[White "Sanket, Chakravarty"]
[Black "Sri Charan Sandipagu"]
[Result "1-0"]
[WhiteTitle "IM"]
[WhiteElo "2357"]
[BlackElo "1924"]
[WhiteFideId "25032038"]
[BlackFideId "25174657"]
[EventDate "2024.06.02"]

1. e4 c5 2. Nf3 d6 3. d4 cxd4 4. Nxd4 Nf6 5. Nc3 a6 6. Bd3 e5 7. Nde2 Be7 8. O-O
Nbd7 9. Ng3 Nc5 10. Be2 Be6 11. b4 Ncd7 12. Nd5 Bxd5 13. exd5 Nb6 14. c4 Rc8 15.
Qb3 Qc7 16. Nf5 Nxc4 17. Nxg7+ Kd8 18. Rd1 b5 19. Nf5 Rg8 20. a4 Qd7 21. Ne3 Ne4
22. axb5 Qh3 23. Bxc4 axb5 24. Bd3 Nxf2 25. Kxf2 Qxh2 26. Be4 Qh4+ 27. Kg1 Qxe4
28. Qd3 Qxd3 29. Rxd3 e4 30. Rd1 Bf6 31. Ra7 Bg5 32. Bd2 Rc7 33. Ra8+ Rc8 34.
Rxc8+ Kxc8 35. Nf5 Bxd2 36. Ne7+ Kd8 37. Nxg8 e3 38. Kf1 Bxb4 39. Rb1 Bc3 40.
Rb2 b4 41. Rxb4 f5 42. Rb5 f4 43. Nh6 1-0

[Event "61st World Juniors 2024"]
[Site "Gandhinagar IND"]
[Date "2024.06.05"]
[Round "4.29"]
[White "Jval Saurin Patel"]
[Black "Aaditya, Dhingra"]
[Result "1/2-1/2"]
[BlackTitle "IM"]
[WhiteElo "2085"]
[BlackElo "2495"]
[WhiteFideId "25968343"]
[BlackFideId "25678191"]
[EventDate "2024.06.02"]

1. d4 Nf6 2. c4 e6 3. Nc3 Bb4 4. a3 Bxc3+ 5. bxc3 d6 6. f3 c5 7. Bg5 Nc6 8. e4
Qa5 9. d5 Ne5 10. Qc2 Bd7 11. Be2 h6 12. Bxf6 gxf6 13. f4 Ba4 14. Qd2 Nd7 15.
dxe6 fxe6 16. Bh5+ Kd8 17. Ne2 Kc7 18. Bf7 Nf8 19. f5 e5 20. O-O h5 21. Ng3 Be8
22. Rfd1 Qa6 23. Bd5 Nd7 24. a4 Nb6 25. Bf7 Nd7 26. Be6 Rd8 27. a5 Nb8 28. Nf1
Nc6 29. Qf2 h4 30. Ne3 Ne7 31. Rdb1 Bd7 32. Bxd7 Kxd7 33. Rb5 Qc6 34. Rab1 Rb8
35. Ng4 Ng8 36. Qe2 Kc7 37. h3 Rh7 38. Qd3 Kc8 39. Ne3 Ne7 40. Rd1 Kc7 41. Ng4
Ng8 42. Qe3 Kc8 43. Kf2 b6 44. a6 Kc7 45. Qd3 Rg7 46. Kg1 Rd8 47. Kh2 Rf8 48.
Re1 Ne7 49. Qd2 Rh7 50. Qd3 Rhf7 51. Rbb1 Rd8 52. Rbd1 Qa4 53. Ra1 Qe8 54. Rad1
Qh8 55. Re2 Qe8 56. Ree1 Rf8 57. Rf1 Qh5 58. Qd2 Qf7 59. Ne3 Rg8 60. Rf3 1/2-1/2

[Event "61st World Juniors 2024"]
[Site "Gandhinagar IND"]
[Date "2024.06.05"]
[Round "4.30"]
[White "Gharibyan, Mamikon"]
[Black "Md Imran"]
[Result "1-0"]
[WhiteTitle "GM"]
[BlackTitle "FM"]
[WhiteElo "2492"]
[BlackElo "2180"]
[WhiteFideId "13308300"]
[BlackFideId "25748580"]
[EventDate "2024.06.02"]

1. e4 c5 2. Nf3 Nc6 3. Bb5 e6 4. O-O Nge7 5. c3 a6 6. Ba4 b5 7. Bc2 Bb7 8. Re1
d5 9. d4 cxd4 10. a4 dxe4 11. Bxe4 dxc3 12. Qe2 g6 13. Rd1 Qc8 14. axb5 axb5 15.
Rxa8 Bxa8 16. Nxc3 Bg7 17. Qxb5 O-O 18. Bf4 Nf5 19. h4 Ncd4 20. Nxd4 Nxd4 21.
Qd3 Rd8 22. h5 Nc6 23. Qb1 f5 24. Bf3 Nd4 25. Bxa8 Qxa8 26. Bg5 Rb8 27. h6 Nf3+
28. gxf3 Bxc3 29. Qd3 Bxb2 30. Qd7 Qb7 31. Qxe6+ Qf7 32. Qc6 f4 33. Rd7 Qf5 34.
Qc4+ Kf8 35. Be7+ Ke8 36. Rc7 1-0

[Event "61st World Juniors 2024"]
[Site "Gandhinagar IND"]
[Date "2024.06.05"]
[Round "4.31"]
[White "Halynyazov, Vepaly"]
[Black "Pham Tran Gia Phuc"]
[Result "0-1"]
[BlackTitle "FM"]
[WhiteElo "2058"]
[BlackElo "2444"]
[WhiteFideId "14004020"]
[BlackFideId "12415669"]
[EventDate "2024.06.02"]

1. d4 Nf6 2. c4 e6 3. Nf3 d5 4. g3 dxc4 5. Bg2 a6 6. a4 Nc6 7. O-O Rb8 8. Nc3
Na5 9. Bg5 Be7 10. e4 h6 11. Bxf6 Bxf6 12. e5 Be7 13. Qe2 b6 14. Rad1 Bb7 15. d5
exd5 16. e6 O-O 17. exf7+ Rxf7 18. Ne5 c6 19. Nxf7 Kxf7 20. Rfe1 Bf6 21. Qh5+
Kf8 22. Qf5 Qc7 23. Bf3 Kg8 24. Bh5 Rf8 25. Qe6+ Kh8 26. Bg6 Bc8 27. Qe8 Qd8 28.
Qe2 Nb3 29. Qh5 Bd4 30. Re2 Qf6 31. Kg2 Nc5 32. Rde1 Nd3 33. Bxd3 cxd3 34. Re8
Qxf2+ 35. Kh1 Bd7 36. Rxf8+ Qxf8 0-1

[Event "61st World Juniors 2024"]
[Site "Gandhinagar IND"]
[Date "2024.06.05"]
[Round "4.32"]
[White "Jain, Kushagra"]
[Black "Vaz, Ethan"]
[Result "1/2-1/2"]
[BlackTitle "IM"]
[WhiteElo "1996"]
[BlackElo "2420"]
[WhiteFideId "66607663"]
[BlackFideId "25940783"]
[EventDate "2024.06.02"]

1. e4 c5 2. Nc3 d6 3. Nf3 Nf6 4. d4 cxd4 5. Nxd4 a6 6. Bg5 e6 7. f4 Be7 8. Qf3
Qc7 9. O-O-O Nbd7 10. g4 h6 11. Bxf6 Bxf6 12. h4 Nb6 13. Be2 Bd7 14. g5 Be7 15.
g6 fxg6 16. Qg4 O-O-O 17. Nxe6 Bxe6 18. Qxe6+ Kb8 19. Qxg6 d5 20. Qxg7 Qxf4+ 21.
Kb1 Bf6 22. Qg1 d4 23. Rf1 Qe5 24. Rf5 Qe6 25. Qh2+ Ka7 26. Nd5 Nxd5 27. Rxd5
Qxe4 28. Rxd8 Rxd8 29. Bd3 Qg4 30. h5 Rd5 31. a3 Be5 32. Qf2 Rd6 1/2-1/2

[Event "61st World Juniors 2024"]
[Site "Gandhinagar IND"]
[Date "2024.06.05"]
[Round "4.33"]
[White "Mrithyunjay Mahadevan"]
[Black "Fecker, Noah"]
[Result "1-0"]
[WhiteTitle "CM"]
[BlackTitle "FM"]
[WhiteElo "1867"]
[BlackElo "2390"]
[WhiteFideId "45003521"]
[BlackFideId "1334263"]
[EventDate "2024.06.02"]

1. Nf3 d5 2. b3 c5 3. e3 Nf6 4. Bb2 g6 5. Bxf6 exf6 6. d4 Nc6 7. dxc5 Bxc5 8. c3
O-O 9. Be2 f5 10. O-O Be6 11. b4 Bd6 12. Qd2 Qf6 13. Na3 f4 14. Nc2 fxe3 15.
fxe3 Rad8 16. Nfd4 Qe5 17. g3 Bh3 18. Rfd1 Qe7 19. Bf3 Bc7 20. Nxc6 bxc6 21. Nd4
Bd7 22. a4 Rfe8 23. Re1 Qg5 24. a5 h5 25. Bg2 Re7 26. Nf3 Qh6 27. e4 Qf8 28.
exd5 cxd5 29. Nd4 h4 30. Qg5 Rxe1+ 31. Rxe1 hxg3 32. hxg3 Re8 33. Rxe8 Qxe8 34.
Kf2 Kg7 35. Qxd5 Qe7 36. Bf3 Be5 37. Ne2 Be8 38. Qb7 Bc7 39. Kg2 Kh6 40. Qxa7
Bb5 41. Qd4 Be5 42. Qe3+ Kg7 43. Nd4 1-0